Análisis y diseño sísmico de edificaciones utilizando aisladores sísmicos elastoméricos en la base
שמור ב:
| מחבר ראשי: | |
|---|---|
| מחברים אחרים: | |
| פורמט: | ספר |
| שפה: | Spanish |
| יצא לאור: |
[San José ], Costa Rica
2019
|
| נושאים: | |
| תגים: |
הוספת תג
אין תגיות, היה/י הראשונ/ה לתייג את הרשומה!
|
MARC
| LEADER | 00000nam a22000007a 4500 | ||
|---|---|---|---|
| 003 | 013068 | ||
| 005 | 20230426154952.0 | ||
| 008 | 190625b2019 c a|||| ||m| 00| ||spa d | ||
| 040 | |c cru CEDI | ||
| 100 | |9 17261 |a Valverde Villalobos, Andrés | ||
| 245 | |a Análisis y diseño sísmico de edificaciones utilizando aisladores sísmicos elastoméricos en la base | ||
| 260 | |a [San José ], Costa Rica |c 2019 | ||
| 500 | |a Proyecto de graduación (licenciatura en ingeniería civil)--Universidad de Costa Rica. Facultad de Ingeniería. Escuela de Ingeniería Civil. Departamento. Estructuras | ||
| 501 | |a Director de Proyecto de Graduación: Rolando Castillo Barahona, PhD. | ||
| 650 | |x VIBRACION |x INGENIERIA DE ESTRUCTURAS |x CONSTRUCCIONES ANTISISMICAS |x AISLADORES ELECTOMERICOS |x AISLADORES SISMICOS | ||
| 700 | |9 274 |a Castillo Barahona, Rolando José, 1965- |d Director del TFG | ||
| 942 | |c CEDI |h TFG 8218 |2 ddc |6 TFG_8218_000000000000000 | ||
| 999 | |c 21711 |d 21711 | ||
